000 00731cam a2200265 a 4500
001 000009421
005 20200929161604.0
008 900111s1990 sp 000 f spa d
020 _a8427907036
035 _a(DLC) 90868641
040 _aDO-SdBNP
_bspa
_cDLC
_dBNPHU
082 _a863.64
_bB514g, 1990
100 1 _aBerlanga, Andrés,
_d1941-
_924214
245 1 3 _aLa gaznápira /
_cAndrés Berlanga.
250 _a6a ed.
260 _aBarcelona :
_bNoguer,
_c1990.
300 _a202 p. ;
_c20 cm.
490 1 _aGalería literaria
650 4 _aNovela española
_91123
650 4 _aLiteratura española
_9632
830 0 _aGalería literaria.
_924215
910 _aCatalogación derivada
910 _aWM
049 _aBNGR
999 _c9181
_d9181